| 000 | 00385 a2200169 4500 | ||
|---|---|---|---|
| 001 | 188500 | ||
| 020 | _a978-85-249-1553-6 | ||
| 040 | _cMagnum | ||
| 100 | _aMeurer, Sérgio | ||
| 240 | 1 | 0 |
_aSegredos de uma quinta-feira _lpor |
| 245 | 1 | 0 | _aSegredos de uma quinta-feira |
| 300 | _a87 | ||
| 362 | 0 | _a2009 | |
| 440 | 1 | _aCortez | |
| 697 | _aLITERATURA INFANTO-JUVENIL | ||
| 942 | _cBK | ||
| 999 |
_c188500 _d188500 |
||